Joannis Devoti, dei et apostolicae sedis gratia episcopi ananiensis, institutionum canonicarum libri IV (Record no. 8562)

MARC details
000 -CABECERA
campo de control de longitud fija 00999nam a2200229 a 4500
001 - NÚMERO DE CONTROL
campo de control BRCA_8911
005 - FECHA Y HORA DE LA ÚLTIMA TRANSACCIÓN
campo de control 20190320210445.0
008 - DATOS DE LONGITUD FIJA--INFORMACIÓN GENERAL
campo de control de longitud fija 200617s1801----sp-#######---#000-0#lat-#
041 ## - CÓDIGO DE LENGUA
Código de lengua del texto/banda sonora o título independiente lat
044 ## - CÓDIGO DEL PAÍS DE LA ENTIDAD EDITORA/PRODUCTORA
Código MARC del país sp
084 ## - OTRO NÚMERO DE CLASIFICACIÓN
Número de clasificación CO73
Número de documento/Ítem .D48 1801
100 1# - ENTRADA PRINCIPAL--NOMBRE DE PERSONA
Nombre de persona Devoti, Giovanni
Títulos y otros términos asociados al nombre Arzobispo de Cartago
Fechas asociadas al nombre 1744-1820
9 (RLIN) 22162
245 10 - MENCIÓN DE TÍTULO
Título Joannis Devoti, dei et apostolicae sedis gratia episcopi ananiensis, institutionum canonicarum libri IV
Resto del título tomus secundus: editio nova, etiam ipsis romanis editionibus revera correctior, atque emendatior.
260 ## - PUBLICACIÓN, DISTRIBUCIÓN, ETC.
Lugar de publicación, distribución, etc. Matriti
Nombre del editor, distribuidor, etc. Apud benedictum cano, typograhum
Fecha de publicación, distribución, etc. 1801
300 ## - DESCRIPCIÓN FÍSICA
Extensión VI, 368 p. (t.2)
Dimensiones 21 x 15 cm
500 ## - NOTA GENERAL
Nota general Superiorum permissu
500 ## - NOTA GENERAL
Nota general Se hallará en la librería de Fernández, frente á San Felipe el Real, y de Calleja, calle de Majaderitos
500 ## - NOTA GENERAL
Nota general Estado físico: presenta encuadernación en pergamino con presencia del pez de plata
650 14 - PUNTO DE ACCESO ADICIONAL DE MATERIA--TÉRMINO DE MATERIA
Término de materia o nombre geográfico como elemento de entrada Derecho canónico
Subdivisión cronológica Obras anteriores a 1900
9 (RLIN) 22163
902 ## - CATALOGADOR
Iniciales CFM
942 ## - ELEMENTOS DE PUNTO DE ACCESO ADICIONAL (KOHA)
Fuente del sistema de clasificación o colocación Library of Congress Classification
Tipo de ítem Koha Libros
Holdings
Estado de retiro Estado de pérdida Estado dañado No para préstamo Localización permanente Ubicación/localización actual Fecha de adquisición Total de préstamos Signatura topográfica completa Código de barras Fecha visto por última vez Precio válido a partir de Tipo de ítem Koha
El ejemplar forma parte de la colección y puede ser consultado según las políticas vigentes.       Biblioteca del Museo Franz Mayer (Rogerio Casas-Alatriste) Biblioteca del Museo Franz Mayer (Rogerio Casas-Alatriste) 20/06/2017   CO73 .D48 1801 CFM00234 22/03/2019 22/03/2019 Libros